[Event "ZMDI Open 2014"]
[Site "Dresden GER"]
[Date "2014.08.21"]
[Round "7.40"]
[White "Hoffmann, Tim2"]
[Black "Hamm, Georg"]
[Result "1/2-1/2"]
[WhiteElo "1961"]
[BlackElo "2139"]
[WhiteFideId "12900338"]
[BlackFideId "4698460"]
[EventDate "2014.08.15"]

1. e4 d6 2. Nc3 Nd7 3. Bc4 Ngf6 4. f4 c6 5. Bb3 Nc5 6. d3 a5 7. Be3 a4 8. Bxc5
axb3 9. Bd4 bxa2 10. Nf3 c5 11. Bf2 e6 12. O-O Be7 13. Rxa2 Rxa2 14. Nxa2 Ng4
15. Nc3 Nxf2 16. Rxf2 O-O 17. e5 d5 18. d4 Bd7 19. Kh1 Qb6 20. b3 Ra8 21. h3 Ra3
22. dxc5 Bxc5 23. Rf1 Qb4 24. Qd3 Bc6 25. Ng5 g6 26. Qg3 Bf8 27. h4 1/2-1/2

[Event "ZMDI Open 2014"]
[Site "Dresden GER"]
[Date "2014.08.21"]
[Round "7.41"]
[White "Sand, Rolf"]
[Black "Humburg, Philipp"]
[Result "0-1"]
[WhiteElo "1958"]
[BlackElo "2087"]
[WhiteFideId "4610334"]
[BlackFideId "24656151"]
[EventDate "2014.08.15"]

1. c4 e5 2. g3 Nf6 3. Bg2 Nc6 4. Nc3 Bb4 5. Nd5 Nxd5 6. cxd5 Ne7 7. Nf3 Ng6 8.
O-O O-O 9. d4 d6 10. Qa4 c5 11. dxc6 Ba5 12. dxe5 d5 13. Bg5 Qc7 14. Rac1 b5 15.
Qxb5 Rb8 16. Qxd5 Be6 17. Qd6 Rxb2 18. Rfd1 Rxe2 19. Be3 Bg4 20. Qxc7 Bxc7 21.
Bxa7 Rxa2 22. Bd4 h5 23. h3 Bxf3 24. Bxf3 h4 25. Bd5 Ra5 26. Bc5 Rc8 27. e6 hxg3
28. exf7+ Kh8 29. Be6 Rb8 30. Bf5 gxf2+ 31. Kf1 Nf8 32. Rd4 g6 33. Rh4+ Kg7 34.
Bxf8+ Rxf8 35. Be6 Re5 36. Ba2 Re1+ 0-1

[Event "ZMDI Open 2014"]
[Site "Dresden GER"]
[Date "2014.08.21"]
[Round "7.43"]
[White "Nguyen, Huy Dat"]
[Black "Juergens, Klaus"]
[Result "1/2-1/2"]
[WhiteElo "1909"]
[BlackElo "2131"]
[WhiteFideId "12923486"]
[BlackFideId "4631714"]
[EventDate "2014.08.15"]

1. e4 c5 2. Nc3 Nc6 3. Bb5 Nd4 4. Bc4 e6 5. Nge2 Ne7 6. Nxd4 cxd4 7. Ne2 Nc6 8.
d3 g6 9. O-O Bg7 10. f4 O-O 11. Ng3 d5 12. exd5 exd5 13. Bb3 Ne7 14. Qf3 Be6 15.
f5 Nxf5 16. Nxf5 Bxf5 17. Bxd5 Rc8 18. Bb3 Qd7 19. Bd2 b6 20. Rae1 Rfe8 21.
Rxe8+ Rxe8 22. Re1 Rc8 23. Qe2 Be6 24. Bf4 Bxb3 25. axb3 h5 26. Qd2 Rc6 27. Re2
Qc8 28. Qe1 Kh7 29. Qf2 Qg4 30. h3 Qf5 31. Bg3 Qxf2+ 32. Bxf2 Bf6 33. g3 Kh6 34.
Kg2 Kg5 35. Kf3 Bg7 36. Be1 f5 37. Bf2 Bf6 38. Be1 Kh6 39. Bf2 b5 40. Be1 g5 41.
Kg2 Kg6 42. Bb4 Bd8 43. Be1 Bf6 44. Bb4 Rc7 45. Bd6 Rc6 46. Bb4 1/2-1/2

[Event "ZMDI Open 2014"]
[Site "Dresden GER"]
[Date "2014.08.21"]
[Round "7.44"]
[White "Hart, Martin"]
[Black "Rudolf, Thomas"]
[Result "1/2-1/2"]
[WhiteElo "2155"]
[BlackElo "2080"]
[WhiteFideId "1005944"]
[BlackFideId "24674559"]
[EventDate "2014.08.15"]

1. e4 c6 2. d3 d5 3. Nd2 e5 4. Ngf3 Bd6 5. g3 Nf6 6. Bg2 O-O 7. O-O Re8 8. c3
Nbd7 9. Qc2 Qc7 10. a4 a5 11. Re1 b6 12. Nf1 dxe4 13. dxe4 Ba6 14. Nh4 Nc5 15.
Rd1 Bc4 16. Qb1 Nb3 17. Nd2 Be6 18. Nxb3 Bxb3 19. Re1 h6 1/2-1/2

[Event "ZMDI Open 2014"]
[Site "Dresden GER"]
[Date "2014.08.21"]
[Round "7.45"]
[White "Sponheim, Marko"]
[Black "Mokal, Amruta Sunil"]
[Result "0-1"]
[WhiteElo "2118"]
[BlackElo "2056"]
[WhiteFideId "24676314"]
[BlackFideId "5016371"]
[EventDate "2014.08.15"]

1. e4 c5 2. Nf3 e6 3. d4 cxd4 4. Nxd4 a6 5. Bd3 Nf6 6. O-O Qc7 7. Qe2 d6 8. c4
Be7 9. Nc3 O-O 10. Kh1 Nc6 11. Be3 Ne5 12. Rac1 Nfg4 13. Bd2 Qb6 14. Be3 Nxe3
15. Qxe3 Ng4 16. Na4 Qa7 17. Qg3 Qxd4 18. Qxg4 Qxd3 19. Rfd1 f5 0-1

[Event "ZMDI Open 2014"]
[Site "Dresden GER"]
[Date "2014.08.21"]
[Round "7.46"]
[White "Martinsen, Stig K"]
[Black "Schwarz, Larissa"]
[Result "1-0"]
[WhiteElo "2105"]
[BlackElo "1933"]
[WhiteFideId "1502824"]
[BlackFideId "24699004"]
[EventDate "2014.08.15"]

1. d4 Nf6 2. c4 g6 3. Nc3 d5 4. Qb3 dxc4 5. Qxc4 Bg7 6. e4 O-O 7. Bf4 c6 8. Nf3
Be6 9. Qd3 Qb6 10. Rb1 Rd8 11. Be2 Na6 12. a3 Bg4 13. Be3 Qa5 14. O-O Bxf3 15.
Bxf3 e5 16. d5 Nc7 17. Rfd1 Rd7 18. Qc4 cxd5 19. exd5 Rad8 20. Bg5 Nce8 21. Qh4
Rc8 22. Re1 e4 23. Bxe4 Nxe4 24. Rxe4 Nd6 25. Ra4 Qb6 26. Be3 Qc7 27. Qg4 a6 28.
Rc1 Nb5 29. Qe4 Nxc3 30. bxc3 Qd6 31. c4 b5 32. c5 Qxd5 33. Qxd5 Rxd5 34. Rxa6
Bb2 35. Rb1 Bd4 36. Rxb5 Bxc5 37. Kf1 Bxe3 38. Rxd5 1-0

[Event "ZMDI Open 2014"]
[Site "Dresden GER"]
[Date "2014.08.21"]
[Round "7.47"]
[White "Kleibaumhueter, Klaus"]
[Black "Mueller, Daniel"]
[Result "1/2-1/2"]
[WhiteElo "2066"]
[BlackElo "2087"]
[WhiteFideId "4626540"]
[BlackFideId "24612960"]
[EventDate "2014.08.15"]

1. Nf3 Nf6 2. c4 d5 3. g3 c6 4. Bg2 g6 5. O-O Bg7 6. Na3 O-O 7. d3 b6 8. Rb1 Bb7
9. Bf4 Nbd7 10. Qd2 Re8 11. Rfc1 e5 12. Bg5 d4 13. b4 Qe7 14. e3 dxe3 15. Qxe3
Qf8 16. Nd2 h6 17. Bxf6 Bxf6 18. b5 Rac8 19. bxc6 Bxc6 20. Bxc6 Rxc6 21. Qf3
Rcc8 22. Nb5 a6 23. Nc3 Bg5 24. Rd1 Bxd2 25. Rxd2 Qd6 26. Qd5 Rc6 27. Qxd6 Rxd6
28. Nd5 1/2-1/2

[Event "ZMDI Open 2014"]
[Site "Dresden GER"]
[Date "2014.08.21"]
[Round "7.48"]
[White "Gungl, Theo"]
[Black "Urban, Konstantin"]
[Result "1/2-1/2"]
[WhiteElo "2054"]
[BlackElo "1931"]
[WhiteFideId "24695653"]
[BlackFideId "12927511"]
[EventDate "2014.08.15"]

1. e4 c5 2. Nf3 Nc6 3. d4 cxd4 4. Nxd4 Nf6 5. Nc3 e5 6. Ndb5 d6 7. Bg5 a6 8. Na3
b5 9. Bxf6 gxf6 10. Nd5 f5 11. exf5 Bxf5 12. c3 Bg7 13. Nc2 O-O 14. Nce3 Be6 15.
Bd3 f5 16. Qh5 e4 17. Bc2 Ne7 18. Rd1 Nxd5 19. Nxd5 b4 20. cxb4 Bxb2 21. O-O Kh8
22. Nf4 Qe8 23. Qxe8 Rfxe8 24. Nxe6 Rxe6 25. Bb3 Rf6 26. Rb1 Be5 27. Bd5 Rb8 28.
Rfc1 Bd4 29. Kf1 Rff8 30. a4 Rfc8 31. Bc6 a5 32. b5 Bc5 33. Rd1 Rc7 34. Rbc1 Kg7
35. Rc2 Re7 36. Re2 Re5 37. f3 e3 38. f4 Re7 39. g3 Kg6 40. Kg2 Rd8 41. Bd5 Rc7
42. Rc1 Re7 43. Kf3 h5 44. h3 Kf6 45. Rcc2 Rg7 46. Rb2 Rb8 47. Rg2 Bd4 48. Rbc2
Bc5 49. Rc1 Re8 50. Re2 Rge7 51. Rcc2 Rg7 52. Rb2 Rb8 53. Rb1 Rh7 54. Rd1 Re7
55. Rd3 Rbe8 56. Rb3 Rb8 57. Rb1 Rg7 58. Rg1 Re8 59. Bc6 Rb8 60. Bd5 Re8 61. Rc1
Rge7 62. Rb1 Rb8 63. Rg2 Rg7 64. Ke2 Ke7 65. Rd1 Kd7 66. Bf3 Rbg8 67. Rdg1 Rh8
68. Bd5 Kc7 69. Be6 Rf8 70. Bd5 Rg6 71. Rd1 Kb6 72. Kf3 Re8 73. Re2 Re7 74. Rg1
Rh7 75. Bb3 Rf6 76. Rd1 Rg7 77. Bc2 Rgf7 78. Rd5 Rf8 79. Bd3 R8f7 80. Rc2 Rf8
81. Rc4 Kb7 82. Rc2 Kb6 83. Rg2 R8f7 84. Bc2 Rf8 85. Ke2 R8f7 86. Kd3 Re7 87.
Ke2 Ref7 88. Kf1 Rf8 89. Bd1 Rh8 90. Bf3 Rh7 91. Ke2 Rh8 92. Kd3 Rh7 93. Be2 Rh8
94. g4 fxg4 95. hxg4 Rxf4 96. gxh5 Rxa4 97. Kc2 Rf4 98. Rdg5 Bd4 99. Rg8 Rxg8
100. Rxg8 Rf2 101. Kd1 Rh2 102. Ra8 Bc3 103. Ra6+ Kc5 104. b6 Kc6 105. Bf3+ d5
106. b7+ Kxb7 107. Re6 Bd4 108. Bxd5+ Kc7 109. Bf3 Rd2+ 110. Ke1 Kd7 111. Bg4
Kc7 112. Be2 Rb2 113. Kf1 a4 114. Ra6 Ra2 115. h6 a3 116. h7 Ra1+ 117. Kg2 a2
118. Ra4 Rg1+ 1/2-1/2

[Event "ZMDI Open 2014"]
[Site "Dresden GER"]
[Date "2014.08.21"]
[Round "7.49"]
[White "Schellmann, Frank"]
[Black "Weber, Benedikt"]
[Result "0-1"]
[WhiteTitle "CM"]
[WhiteElo "2090"]
[BlackElo "1947"]
[WhiteFideId "4669916"]
[BlackFideId "12934976"]
[EventDate "2014.08.15"]

1. e4 e5 2. Nf3 Nc6 3. Bc4 Bc5 4. c3 Nf6 5. d3 O-O 6. O-O d6 7. Nbd2 a6 8. Bb3
Be6 9. Bc2 Re8 10. Re1 Ng4 11. Re2 Bxf2+ 12. Rxf2 Ne3 0-1

[Event "ZMDI Open 2014"]
[Site "Dresden GER"]
[Date "2014.08.21"]
[Round "7.50"]
[White "Riegler, Dieter"]
[Black "Oehl, Tim"]
[Result "0-1"]
[WhiteElo "2085"]
[BlackElo "2120"]
[WhiteFideId "4606426"]
[BlackFideId "12920967"]
[EventDate "2014.08.15"]

1. d4 e6 2. c4 f5 3. Nc3 Bb4 4. Qc2 Nf6 5. e3 b6 6. Bd3 Bb7 7. f3 Nh5 8. Nh3
Qh4+ 9. Nf2 O-O 10. a3 Bxc3+ 11. Qxc3 Qg5 12. Kf1 d6 13. e4 Qe7 14. exf5 exf5
15. Bd2 Nc6 16. d5 Ne5 17. Be2 f4 18. Nd3 Ng6 19. Nf2 Rae8 20. Bd3 Ne5 21. Re1
Qh4 22. Be4 Bc8 23. Qc2 g6 24. b3 Bf5 25. Qc1 Bxe4 26. Rxe4 Nd3 27. g3 Nxc1 28.
gxh4 Nxb3 29. Bc3 Nc5 30. Re1 Rxe1+ 31. Bxe1 Ng7 32. Bc3 Nf5 33. Ng4 Ne3+ 34.
Nxe3 fxe3 35. Ke2 Rf4 36. h5 Rxc4 37. Bf6 Kf7 38. Bg5 Rc2+ 39. Kxe3 Rc3+ 40. Kf4
Nd3+ 41. Kg3 Rxa3 42. hxg6+ Kxg6 43. Be7 Rc3 44. Rg1 Ne5 45. Rf1 Kf5 46. Bf8 a5
47. Bg7 a4 48. Kh4 Rxf3 0-1

[Event "ZMDI Open 2014"]
[Site "Dresden GER"]
[Date "2014.08.21"]
[Round "7.51"]
[White "Gaitzsch, Martin"]
[Black "Herbrig, Thomas"]
[Result "1/2-1/2"]
[WhiteElo "2058"]
[BlackElo "1953"]
[WhiteFideId "24623202"]
[BlackFideId "24668583"]
[EventDate "2014.08.15"]

1. c4 Nf6 2. g3 c6 3. Bg2 d5 4. Nf3 Bf5 5. cxd5 cxd5 6. Qb3 Qb6 7. Qxb6 axb6 8.
Nc3 Bd7 9. d3 Bc6 10. Bf4 e6 11. O-O Bc5 12. d4 Be7 13. Ne5 O-O 14. Rfc1 Nbd7
15. Nxd7 Nxd7 16. e4 Nf6 17. exd5 Nxd5 18. Nxd5 exd5 19. Rc3 Rfe8 1/2-1/2

[Event "ZMDI Open 2014"]
[Site "Dresden GER"]
[Date "2014.08.21"]
[Round "7.52"]
[White "Jacob, Tobias"]
[Black "Gehrmann, Ulrich"]
[Result "1/2-1/2"]
[WhiteElo "1952"]
[BlackElo "2052"]
[WhiteFideId "12903221"]
[BlackFideId "24653659"]
[EventDate "2014.08.15"]

1. e4 c5 2. Nf3 e6 3. d4 cxd4 4. Nxd4 Nc6 5. Be3 Nf6 6. Nd2 d5 7. Nxc6 bxc6 8.
e5 Nd7 9. Bf4 Qb6 10. Rb1 Bc5 11. Qf3 Ba6 12. Be2 Bd4 13. Bxa6 Qxa6 14. Qg3 h6
15. c3 Bb6 16. Qxg7 O-O-O 17. Qg4 Rdg8 18. Qf3 Bc7 19. c4 Bxe5 1/2-1/2

[Event "ZMDI Open 2014"]
[Site "Dresden GER"]
[Date "2014.08.21"]
[Round "7.53"]
[White "Otikova, Elina"]
[Black "Kuechle, Wolfgang"]
[Result "1-0"]
[WhiteElo "1928"]
[BlackElo "2048"]
[WhiteFideId "11603550"]
[BlackFideId "24628581"]
[EventDate "2014.08.15"]

1. e4 e6 2. d4 d5 3. exd5 exd5 4. Nf3 Nf6 5. Bd3 c5 6. O-O c4 7. Re1+ Be7 8. Bf1
O-O 9. Nc3 Nc6 10. Ne5 Qb6 11. Nxc6 1-0

[Event "ZMDI Open 2014"]
[Site "Dresden GER"]
[Date "2014.08.21"]
[Round "7.54"]
[White "Nosek, Reinhard"]
[Black "Bade, Hans-Juergen"]
[Result "0-1"]
[WhiteElo "1899"]
[BlackElo "2028"]
[WhiteFideId "4695739"]
[BlackFideId "24662054"]
[EventDate "2014.08.15"]

1. Nf3 Nf6 2. c4 e6 3. Nc3 b6 4. e4 d6 5. d4 Bb7 6. Bd3 Nbd7 7. O-O c5 8. Bc2
cxd4 9. Nxd4 a6 10. Qf3 Qc7 11. b3 Be7 12. Ba3 O-O 13. Qh3 Nc5 14. Rae1 Rfe8 15.
Re3 Rad8 16. Rfe1 Bf8 17. Bb2 e5 18. Nf5 Ne6 19. Rg3 Nf4 20. Qh4 Ng6 21. Qg5 Re6
22. h4 h6 23. Qe3 Nh5 24. Rf3 Ngf4 25. Nd5 Bxd5 26. exd5 Ree8 27. g3 Nxd5 28.
Qd3 Ndf6 29. Qd1 d5 30. cxd5 Rxd5 31. Rd3 Rc5 32. Bb1 e4 33. Rde3 Rxf5 34. g4
Rd5 35. Qe2 Nf4 36. Qxa6 Nxg4 37. Rg3 h5 38. Bxe4 Rxe4 39. Rc1 Rc5 0-1

[Event "ZMDI Open 2014"]
[Site "Dresden GER"]
[Date "2014.08.21"]
[Round "7.55"]
[White "Schmalhorst, Sophia"]
[Black "Pallas, Sebastian"]
[Result "1/2-1/2"]
[WhiteElo "1943"]
[BlackElo "2026"]
[WhiteFideId "24682497"]
[BlackFideId "12905453"]
[EventDate "2014.08.15"]

1. e4 c5 2. Nf3 d6 3. Nc3 Nf6 4. g3 g6 5. d4 cxd4 6. Nxd4 Bg7 7. Bg2 O-O 8. h3
a6 9. O-O Qc7 10. Re1 Nbd7 11. a4 Nc5 12. a5 e5 13. Nf3 Bd7 14. Bg5 Bc6 15. Nd2
Ne8 16. Nc4 f6 17. Nb6 Rd8 18. Ncd5 Qf7 19. Be3 Nd7 20. Ra3 Nxb6 21. Bxb6 Rd7
22. Nb4 Bb5 23. Qd2 Bc4 24. Rc3 Be6 25. Rd1 f5 26. f3 Kh8 27. b3 Bf6 28. Nd5 Bd8
29. Be3 Bxa5 30. b4 Bd8 31. Rd3 Bxd5 32. Rxd5 Rc7 33. Bb6 Rc8 34. Bxd8 Rxd8 35.
Rxe5 dxe5 36. Qxd8 fxe4 37. Rd7 Qg8 38. Qe7 exf3 39. Qxe5+ Ng7 40. Bf1 f2+ 41.
Kg2 b5 42. Rd2 Rf5 43. Qe4 Qf8 44. c3 Rf6 45. Rd3 Nf5 46. Rf3 Kg7 47. Kxf2 Qd6
48. Kg2 Re6 49. Qd3 Qc6 50. Kh2 Rd6 51. Qe2 Re6 52. Qf2 Qe8 53. Qa7+ Kg8 54. Bg2
Ne3 55. Rf2 Nxg2 56. Rxg2 Qf7 57. Qxf7+ Kxf7 58. Rf2+ Ke7 59. Kg2 h5 60. Rf3 Kd6
61. Kf2 Kc7 62. Re3 Rc6 63. Rd3 Kb6 64. Kf3 a5 65. bxa5+ Kxa5 66. Ke3 Ka4 67.
Rd4+ Ka5 68. Kd3 Kb6 69. Rd5 Rf6 70. Rg5 Kc6 1/2-1/2

[Event "ZMDI Open 2014"]
[Site "Dresden GER"]
[Date "2014.08.21"]
[Round "7.56"]
[White "Brendel, Bergit"]
[Black "Naegele, Hans-Juergen"]
[Result "0-1"]
[WhiteTitle "WFM"]
[WhiteElo "2057"]
[BlackElo "1901"]
[WhiteFideId "4608763"]
[BlackFideId "24655457"]
[EventDate "2014.08.15"]

1. e4 g6 2. d4 Bg7 3. Nc3 d6 4. Be3 Nd7 5. f4 a6 6. Bd3 b5 7. e5 Bb7 8. Be4 Bxe4
9. Nxe4 d5 10. Ng5 e6 11. Ne2 Ne7 12. O-O Nf5 13. Bf2 c5 14. c3 c4 15. g4 Ne7
16. Ng3 Nc6 17. Be3 h6 18. Nf3 Qb6 19. Qe2 O-O-O 20. a4 b4 21. cxb4 Qxb4 22.
Rfc1 Kb7 23. Nd2 Nb6 24. Qd1 Rc8 25. Ne2 f6 26. exf6 Bxf6 27. Qc2 Rhe8 28. g5
hxg5 29. fxg5 Bg7 30. a5 Nd7 31. Qc3 e5 32. Bf2 exd4 33. Qxb4+ Nxb4 34. Nxd4 Nd3
35. N2f3 N7e5 36. Rf1 Ng4 37. Bg3 Ne3 38. Rfb1 Re4 39. b3 c3 40. Bf2 Rg4+ 41.
Kh1 Nxf2# 0-1

[Event "ZMDI Open 2014"]
[Site "Dresden GER"]
[Date "2014.08.22"]
[Round "8.1"]
[White "Maiwald, Jens-Uwe"]
[Black "Sagar, Shah"]
[Result "1/2-1/2"]
[WhiteTitle "GM"]
[WhiteElo "2475"]
[BlackElo "2339"]
[WhiteFideId "4612396"]
[BlackFideId "5022509"]
[EventDate "2014.08.15"]

1. Nf3 c5 2. g3 Nc6 3. Bg2 g6 4. c4 Bg7 5. O-O e5 6. Nc3 Nge7 7. a3 O-O 8. Rb1
a5 9. Ne1 d6 10. Nc2 Be6 11. d3 d5 12. cxd5 Nxd5 13. Ne3 Nde7 14. Nc4 Rb8 15. a4
f5 16. Bg5 h6 17. Bxe7 Nxe7 18. Qb3 b6 19. Rbd1 Qc7 20. e3 Rfd8 21. Qb5 Kh7 22.
Rfe1 Nc8 23. Qa6 Qf7 24. b3 e4 25. Ne2 exd3 26. Nf4 Bc3 27. Rf1 d2 28. Ne2 Bg7
29. Nxd2 Nd6 30. Nf4 Bc8 31. Qe2 g5 32. Bd5 Qe8 33. Nh5 Be6 34. Nxg7 Kxg7 35.
Nc4 Nxc4 36. Qxc4 Rd6 37. Qc3+ Kg6 38. Qe5 Rxd5 39. Rxd5 Bxd5 40. Qxd5 Rd8 41.
Qb7 Qe6 42. Re1 Rd2 43. Qa8 Rd5 44. Qa6 Rd2 45. Qa8 Rd5 46. Qa6 Rd2 1/2-1/2

[Event "ZMDI Open 2014"]
[Site "Dresden GER"]
[Date "2014.08.22"]
[Round "8.2"]
[White "Berkes, Ferenc"]
[Black "Akesson, Ralf"]
[Result "1-0"]
[WhiteTitle "GM"]
[BlackTitle "GM"]
[WhiteElo "2658"]
[BlackElo "2466"]
[WhiteFideId "718572"]
[BlackFideId "1700120"]
[EventDate "2014.08.15"]

1. d4 Nf6 2. c4 e6 3. Nc3 Bb4 4. f3 d5 5. a3 Bxc3+ 6. bxc3 c5 7. cxd5 Nxd5 8.
dxc5 Qa5 9. e4 Nf6 10. Be3 O-O 11. Qb3 Nfd7 12. a4 Nc6 13. Qa3 f5 14. Nh3 Nf6
15. Nf2 fxe4 16. fxe4 Ne5 17. Be2 Bd7 18. Qb3 Qc7 19. O-O Rae8 20. a5 a6 21. Qb6
Qb8 22. Qd6 Bc6 23. Qxb8 Rxb8 24. Bf4 Nfd7 25. Nd3 Rxf4 26. Rxf4 Ng6 27. Rf3
Bxe4 28. Re3 Nf6 29. Bf3 Bxf3 30. gxf3 Rd8 31. Ra4 e5 32. Nxe5 Rd1+ 33. Kf2 Nd5
34. Rd3 1-0

[Event "ZMDI Open 2014"]
[Site "Dresden GER"]
[Date "2014.08.22"]
[Round "8.3"]
[White "Fodor, Tamas Jr."]
[Black "Belezky, Alexander"]
[Result "1-0"]
[WhiteTitle "GM"]
[BlackTitle "IM"]
[WhiteElo "2481"]
[BlackElo "2454"]
[WhiteFideId "723762"]
[BlackFideId "14105411"]
[EventDate "2014.08.15"]

1. d4 Nf6 2. c4 e6 3. Nc3 Bb4 4. Qc2 Nc6 5. Nf3 d6 6. Bd2 O-O 7. a3 Bxc3 8. Bxc3
Qe7 9. e3 a5 10. Be2 e5 11. dxe5 dxe5 12. O-O Bg4 13. h3 Bh5 14. Rfd1 Rfe8 15.
Rac1 a4 16. Nxe5 Nxe5 17. Bxh5 Nxh5 18. Bxe5 Qxe5 19. Rd5 Qe4 20. Rxh5 c6 21.
Qc3 f5 22. g3 Rad8 23. Rh4 Qd3 24. Qxd3 Rxd3 25. c5 Rb3 26. Rc2 Ra8 27. Rf4 g6
28. g4 fxg4 29. hxg4 Ra5 30. Kg2 Kg7 31. Kg3 g5 32. Rf5 h6 33. Rd2 Rab5 34. Rd7+
Kg8 35. Rff7 Rxb2 36. Rg7+ Kf8 37. Rh7 Kg8 38. Rdg7+ Kf8 39. Rc7 Kg8 40. Rhd7 1-0

[Event "ZMDI Open 2014"]
[Site "Dresden GER"]
[Date "2014.08.22"]
[Round "8.4"]
[White "Bindrich, Falko"]
[Black "Arnaudov, G. Petar"]
[Result "1/2-1/2"]
[WhiteTitle "GM"]
[BlackTitle "GM"]
[WhiteElo "2598"]
[BlackElo "2429"]
[WhiteFideId "4676670"]
[BlackFideId "2907127"]
[EventDate "2014.08.15"]

1. Nf3 Nf6 2. c4 c5 3. g3 d5 4. cxd5 Nxd5 5. Nc3 Nc6 6. Bg2 g6 7. d3 Bg7 8. Nxd5
Qxd5 9. O-O O-O 10. Be3 Bd7 11. Nd4 Qd6 12. Nxc6 Bxc6 13. Bxc6 Qxc6 14. Rc1 Qe6
15. Rxc5 Qxa2 16. Rb5 b6 17. Qa1 Qe6 18. Qa4 Rfc8 19. Ra1 h5 20. Qb3 Qxb3 21.
Rxb3 Rc2 22. d4 e6 23. Kg2 Rc4 24. Rxb6 axb6 25. Rxa8+ Kh7 26. Ra7 Kg8 27. d5
exd5 28. Bxb6 Rb4 29. Bc5 Rxb2 30. e3 Rc2 31. Ra5 Rc4 32. Ra8+ Kh7 33. Bf8 Bxf8
34. Rxf8 Kg7 35. Rd8 Rc5 36. Rd6 Kf8 37. Rd7 Kg7 38. Rd6 Kf8 39. Kf3 Ke7 40. Ra6
Rc2 41. h3 Rb2 42. g4 hxg4+ 43. hxg4 g5 44. Ra8 Rb3 45. Rg8 f6 46. Kg2 1/2-1/2

[Event "ZMDI Open 2014"]
[Site "Dresden GER"]
[Date "2014.08.22"]
[Round "8.5"]
[White "Kravtsiv, Martyn"]
[Black "Satyapragyan, Swayangsu"]
[Result "1-0"]
[WhiteTitle "GM"]
[BlackTitle "IM"]
[WhiteElo "2572"]
[BlackElo "2401"]
[WhiteFideId "14113147"]
[BlackFideId "5004306"]
[EventDate "2014.08.15"]

1. b3 d5 2. Bb2 Bg4 3. h3 Bh5 4. d3 c5 5. Nd2 Nc6 6. Ngf3 f6 7. e4 d4 8. Be2 Bf7
9. e5 Bd5 10. c4 dxc3 11. Bxc3 e6 12. O-O f5 13. Nc4 Nh6 14. d4 Rc8 15. dxc5
Bxc5 16. b4 Nxb4 17. Bxb4 Bxc4 18. Bxc4 Qxd1 19. Rfxd1 Bxb4 20. Bb5+ Kf8 21. Rd7
a6 22. Ba4 b5 23. Bb3 1-0

[Event "ZMDI Open 2014"]
[Site "Dresden GER"]
[Date "2014.08.22"]
[Round "8.6"]
[White "Zwahr, Paul"]
[Black "Zakhartsov, Viacheslav V."]
[Result "0-1"]
[WhiteTitle "FM"]
[BlackTitle "GM"]
[WhiteElo "2362"]
[BlackElo "2548"]
[WhiteFideId "24609749"]
[BlackFideId "4115333"]
[EventDate "2014.08.15"]

1. e4 c5 2. Nf3 e6 3. d4 cxd4 4. Nxd4 a6 5. Bd3 Bc5 6. Nb3 Be7 7. Qg4 g6 8. Qe2
d6 9. O-O Nd7 10. Na3 b6 11. Nc4 Bb7 12. a4 Ngf6 13. Bh6 Qc7 14. a5 b5 15. Nb6
Nxb6 16. axb6 Qxb6 17. Na5 Nd7 18. Kh1 Rc8 19. Nxb7 Qxb7 20. f4 Bf8 21. Bxf8
Kxf8 22. f5 e5 23. c4 b4 24. c5 Nxc5 25. fxg6 hxg6 26. Bc4 Qxe4 27. Rxf7+ Ke8
28. Qf1 Qh4 29. h3 Ne4 30. Rf3 Rxc4 31. Rxa6 Nd2 32. Ra8+ Kd7 33. Rxh8 Nxf1 34.
Rxh4 Rxh4 35. Rxf1 Ke6 36. Rf3 Rc4 37. Rg3 Kf5 38. Rf3+ Ke4 39. Rf6 d5 40. Rxg6
d4 41. Kg1 d3 42. Kf2 Rc2+ 43. Ke1 Rxb2 44. h4 b3 0-1

[Event "ZMDI Open 2014"]
[Site "Dresden GER"]
[Date "2014.08.22"]
[Round "8.7"]
[White "Gutman, Lev"]
[Black "Vogel, Roven"]
[Result "1-0"]
[WhiteTitle "GM"]
[WhiteElo "2438"]
[BlackElo "2279"]
[WhiteFideId "4600177"]
[BlackFideId "12908088"]
[EventDate "2014.08.15"]

1. Nf3 Nf6 2. g3 c5 3. Bg2 Nc6 4. d4 cxd4 5. Nxd4 g6 6. O-O Bg7 7. c4 O-O 8. Nc3
Nxd4 9. Qxd4 d6 10. Qd3 Nd7 11. b3 Nc5 12. Qd2 a5 13. Bb2 Bd7 14. Rac1 Bc6 15.
Nd5 Bxb2 16. Qxb2 Bxd5 17. cxd5 Qb6 18. Rc4 e5 19. dxe6 fxe6 20. Qd4 Qc7 21. Rd1
Rad8 22. a3 Qf7 23. b4 Nb3 24. Qb6 Rd7 25. f4 d5 26. Rc3 a4 27. Re3 Re7 28. Re5
Qe8 29. Qd6 Rd7 30. Qxe6+ Qxe6 31. Rxe6 d4 32. Rb6 Re8 33. Kf2 Ree7 34. g4 Rc7
35. f5 Rc2 36. Bf3 Nd2 37. Rxb7 Re5 38. fxg6 hxg6 39. Rd7 Nxf3 40. Kxf3 Rcxe2
41. Rd3 R2e3+ 42. Rxe3 Rxe3+ 43. Kf4 Rxa3 44. Rxd4 Rh3 45. Kg5 Rxh2 46. Kxg6 Kf8
47. b5 a3 48. Ra4 a2 49. b6 Rb2 50. Ra8+ Ke7 51. b7 Rb6+ 52. Kg7 Rxb7 53. Rxa2
Ke8+ 54. Kg8 Rb4 55. Re2+ Kd7 56. g5 Rg4 57. Re5 Kd6 58. Ra5 Ke6 59. Kg7 Rg1 60.
Ra6+ Kf5 61. Rf6+ Ke5 62. g6 Rb1 63. Rf2 Ke6 64. Kh7 Rh1+ 65. Kg8 Rg1 66. g7 Ra1
67. Rh2 Kf6 68. Kh8 Ra2 69. Rxa2 1-0

[Event "ZMDI Open 2014"]
[Site "Dresden GER"]
[Date "2014.08.22"]
[Round "8.8"]
[White "Maksimenko, Andrei"]
[Black "Wichmann, Cliff"]
[Result "1/2-1/2"]
[WhiteTitle "GM"]
[BlackTitle "IM"]
[WhiteElo "2506"]
[BlackElo "2361"]
[WhiteFideId "14100584"]
[BlackFideId "4616090"]
[EventDate "2014.08.15"]

1. d4 d5 2. c4 c6 3. Nc3 Nf6 4. Nf3 e6 5. e3 Nbd7 6. Bd3 dxc4 7. Bxc4 b5 8. Bd3
Bb7 9. e4 b4 10. Na4 Be7 11. O-O c5 12. e5 Nd5 13. Nxc5 Nxc5 14. dxc5 Bxc5 15.
Ng5 Qd7 16. Qh5 g6 17. Qe2 Be7 18. Ne4 h6 19. Rd1 Kf8 20. Bc4 Qc7 21. Bxd5 Bxd5
22. Nf6 Qc4 23. Rd3 Rd8 24. Qd2 Kg7 25. b3 Qc6 26. Nxd5 Rxd5 27. Rxd5 Qxd5 28.
Qxd5 exd5 29. Be3 Rc8 30. Bxa7 Bc5 31. Bxc5 Rxc5 32. Kf1 Rc2 33. Rd1 Rxa2 34.
Rxd5 Rb2 35. Rd3 Kf8 36. g4 Ke7 37. h4 Ke6 38. Re3 h5 39. gxh5 gxh5 40. Kg2 f6
41. exf6+ Kxf6 42. Kg3 Rb1 43. f4 Kf5 44. Re5+ Kg6 45. f5+ Kf6 46. Re4 Rxb3+ 47.
Kf4 Rb1 48. Re6+ Kf7 49. Rb6 Rg1 50. Ke5 Re1+ 51. Kf4 Rg1 52. Rb5 Kf6 53. Rb6+ 1/2-1/2

[Event "ZMDI Open 2014"]
[Site "Dresden GER"]
[Date "2014.08.22"]
[Round "8.9"]
[White "Pirrot, Dieter"]
[Black "Teske, Henrik"]
[Result "0-1"]
[WhiteTitle "IM"]
[BlackTitle "GM"]
[WhiteElo "2389"]
[BlackElo "2505"]
[WhiteFideId "4601157"]
[BlackFideId "4611500"]
[EventDate "2014.08.15"]

1. e4 e5 2. d4 d5 3. Nd2 Be7 4. Ngf3 Nf6 5. Bd3 c5 6. c3 cxd4 7. cxd4 dxe4 8.
Nxe4 Nbd7 9. Nc3 a6 10. O-O b5 11. a3 Bb7 12. Re1 O-O 13. Bc2 Rc8 14. Qd3 Re8
15. Bg5 Nf8 16. Nxe5 Nd5 17. Bxe7 Rxe7 18. Ne4 Nf4 19. Qg3 Nxg2 20. Re2 Rec7 21.
Nc5 Qxd4 22. Nxb7 Nf4 23. Re4 Qxe4 24. Bxe4 Rc1+ 0-1